| 000 | 00842cam a22002771 4500 | ||
|---|---|---|---|
| 001 | sa 68008829 | ||
| 003 | DLC | ||
| 005 | 20260227112537.0 | ||
| 008 | 711028s1967 ii b 000 0 eng | ||
| 010 | _asa 68008829 | ||
| 025 | _aPL480:I-E-10469 | ||
| 040 |
_aDLC _cDLC _dDLC _dWaU _dDLC |
||
| 050 | 0 | 0 |
_aJC273 _b.D57 |
| 082 | 0 | 0 | _a320/.01 |
| 100 | 1 |
_aDoctor, Adi Hormusji, _d1936- |
|
| 245 | 1 | 0 |
_aSarvodaya; _ba political and economic study _c[by] Adi H. Doctor. |
| 260 |
_aBombay, _aNew York, _bAsia Pub. House _c[c1967] |
||
| 300 |
_a229 p. _c23 cm. |
||
| 350 | _aRs24 | ||
| 500 | _a"Approved for the ... Ph.D. degree ... of the Marathwada University in 1964." | ||
| 504 | _aBibliography: p. 215-226. | ||
| 650 | 0 | _aSarvodaya movement. | |
| 650 | 0 | _aState, The. | |
| 650 | 0 | _aEconomics. | |
| 600 | 1 | 0 |
_aGandhi, _cMahatma, _d1869-1948. |
| 999 |
_c82598 _d82598 |
||